Tiếng hoa dành cho nhân viên bán hàng
Na minha lista:
| Autor principal: | |
|---|---|
| Formato: | Livro |
| Publicado em: |
Hà Nội
Thanh niên
2005
|
| Assuntos: | |
| Tags: |
Adicionar Tag
Sem tags, seja o primeiro a adicionar uma tag!
|
| Thư viện lưu trữ: | Trung tâm Học liệu Lê Vũ Hùng, Trường Đại học Đồng Tháp |
|---|
| LEADER | 00808pam a22003138a 4500 | ||
|---|---|---|---|
| 001 | 00035758 | ||
| 005 | 20171026081025.0 | ||
| 008 | 161228s2005 ||||||Viesd | ||
| 020 | # | # | |c 50000 |
| 041 | 0 | # | |a Vie |
| 082 | 1 | 4 | |a 658.8 |b T306H |
| 100 | 1 | # | |a Mã, Tùng Trinh |
| 245 | 0 | 0 | |a Tiếng hoa dành cho nhân viên bán hàng |c Mã Tùng Trinh |
| 260 | # | # | |a Hà Nội |b Thanh niên |c 2005 |
| 300 | # | # | |a 393tr. |c 21cm. |
| 653 | # | # | |a Giao tiếp |
| 653 | # | # | |a Ngôn ngữ |
| 653 | # | # | |a Tiếng Hoa |
| 653 | # | # | |a bán hàng |
| 852 | # | # | |b Kho đọc |j KD.0019258 |
| 852 | # | # | |j KD.0019258 |
| 910 | 0 | # | |d 28/12/2016 |
| 980 | # | # | |a Trung tâm Học liệu Lê Vũ Hùng, Trường Đại học Đồng Tháp |